| 000 | 00508nam a2200193Ia 4500 | ||
|---|---|---|---|
| 005 | 20240724021203.0 | ||
| 008 | 240331s9999 xx 000 0 und d | ||
| 020 | _a8120807677 | ||
| 082 |
_a291 _bRAO |
||
| 100 | _aRao, K.L.S | ||
| 245 | 0 | _aMahatma Gandhi and comparative religion | |
| 250 | _aSecond Revised Edition | ||
| 260 |
_aNew delhi _bMotilal Banarsidass Publishers Private Limited _c1990 |
||
| 300 | _axii, 166 p ., | ||
| 650 | _aReligion | ||
| 650 | _aHistory | ||
| 650 | _aSociety | ||
| 942 | _cL | ||
| 999 |
_c837 _d837 |
||